书目信息 |
| 题名: |
家常泡菜1000例
|
|
| 作者: | 朱太治 , 阴法宏 编著 | |
| 分册: | ||
| 出版信息: | 北京 农村读物出版社 2006 |
|
| 页数: | 18,277页 | |
| 开本: | 21cm | |
| 丛书名: | ||
| 单 册: | ||
| 中图分类: | TS972.121 , TS255.54 | |
| 科图分类: | ||
| 主题词: | 泡菜--菜谱--中国 , 泡菜 , 菜谱 , 食品工业 | |
| 电子资源: | ||
| ISBN: | 7-5048-4917-0 | |
| 000 | 00864nam0 2200277 450 | |
| 001 | 1533477223 | |
| 005 | 20150131091828.09 | |
| 010 | @a7-5048-4917-0@dCNY15.00 | |
| 100 | @a20060104d2006 em y0chiy50 ea | |
| 101 | 0 | @achi |
| 102 | @aCN@b110000 | |
| 105 | @ay z 000yy | |
| 200 | 1 | @a家常泡菜1000例@9jia chang pao cai 1000 li@f朱太治,阴法宏等编著 |
| 210 | @a北京@c农村读物出版社@d2006 | |
| 215 | @a18,277页@d21cm | |
| 330 | @a本书精选近千种风味泡菜的制作方法。全书共分三部分,第一部分为基础知识篇;第二部分为家庭常见泡菜的制作方法;第三部分为地方风味泡菜。 | |
| 606 | 0 | @a泡菜@x菜谱@y中国 |
| 606 | 0 | @a泡菜 |
| 606 | 0 | @a菜谱 |
| 606 | 0 | @a食品工业 |
| 690 | @aTS972.121@v5 | |
| 690 | @aTS255.54@v4 | |
| 701 | 0 | @a朱太治@9zhu tai zhi@4编著 |
| 701 | 0 | @a阴法宏@9yin fa hong@4编著 |
| 801 | 0 | @aCN@bTSSF@c20150131 |
| 905 | @aZUCC@dTS255.54@eJY179 | |
| 家常泡菜1000例/朱太治,阴法宏等编著.-北京:农村读物出版社,2006 |
| 18,277页;21cm |
| ISBN 7-5048-4917-0:CNY15.00 |
| 本书精选近千种风味泡菜的制作方法。全书共分三部分,第一部分为基础知识篇;第二部分为家庭常见泡菜的制作方法;第三部分为地方风味泡菜。 |
| ● |
| 相关链接 |
|
|
|
|
正题名:家常泡菜1000例
索取号:TS255.54/JY179
 
预约/预借
| 序号 | 登录号 | 条形码 | 馆藏地/架位号 | 状态 | 备注 |
| 1 | 7862305 | 278623054 | 学院路分馆/ [索取号:TS255.54/JY179] | 在馆 |